[Event "Titled Tuesday intern op 15st Dec"]
[Site "Chess.com INT"]
[Date "2020.12.15"]
[Round "9"]
[White "Svane, Frederik"]
[Black "Zhigalko, Sergei"]
[Result "1-0"]
[WhiteElo "2421"]
[BlackElo "2572"]
[PlyCount "55"]
[EventDate "2020.12.15"]
[EventType "swiss (blitz)"]
[EventRounds "11"]
[EventCountry "USA"]
[SourceTitle "CBM 199 Extra"]
[Source "ChessBase"]
[SourceDate "2021.01.31"]
[SourceVersion "1"]
[SourceVersionDate "2021.01.31"]
[SourceQuality "1"]

1. e4 c5 2. Nc3 Nc6 3. f4 g6 4. Nf3 Bg7 5. Bb5 Nd4 6. a4 b6 7. O-O Bb7 8. d3 e6 9. f5 gxf5 10. Qe1 Ne7 11. Bg5 Nxc2 12. Qg3 Bxc3 13. bxc3 Nxa1 14. Ne5 Rg8 15. Nxd7 Qxd7 16. Bxd7+ Kxd7 17. Qh4 Rae8 18. Rxa1 fxe4 19. dxe4 Ng6 20. Qxh7 Bxe4 21. Qxf7+ Kc8 22. Rd1 Ne5 23. Qf4 Bc2 24. Rd2 Ng6 25. Qf3 Bxa4 26. Qa8+ Kc7 27. Qxa7+ Kc8 28. Qxa4 1-0

[Event "Titled Tuesday intern op 15st Dec"]
[Site "Chess.com INT"]
[Date "2020.12.15"]
[Round "10"]
[White "Zhigalko, Sergei"]
[Black "Liyanage, Ranindu Dilshan"]
[Result "1-0"]
[WhiteElo "2572"]
[BlackElo "2178"]
[PlyCount "87"]
[EventDate "2020.12.15"]
[EventType "swiss (blitz)"]
[EventRounds "11"]
[EventCountry "USA"]
[SourceTitle "CBM 199 Extra"]
[Source "ChessBase"]
[SourceDate "2021.01.31"]
[SourceVersion "1"]
[SourceVersionDate "2021.01.31"]
[SourceQuality "1"]

1. e4 e6 2. d4 d5 3. e5 c5 4. c3 Nc6 5. Nf3 Qb6 6. a3 c4 7. Nbd2 Na5 8. Be2 Bd7 9. O-O h6 10. Rb1 Qc7 11. Qe1 O-O-O 12. Bd1 Bb5 13. Bc2 Ne7 14. h4 Kb8 15. h5 Nc8 16. Qd1 Be7 17. Nh2 Rdg8 18. Ng4 Qd8 19. Nf3 g6 20. hxg6 fxg6 21. Re1 g5 22. Nf6 Bxf6 23. exf6 Qxf6 24. Qe2 Re8 25. Ne5 Ne7 26. b4 cxb3 27. Qxb5 Ka8 28. Bxb3 Nec6 29. Ba4 Rh7 30. Nxc6 Nxc6 31. Qc5 Rc7 32. Qd6 Rf8 33. Rb2 Rcc8 34. Qxe6 Qg7 35. Qxd5 g4 36. g3 h5 37. Bf4 h4 38. Bxc6 Rxc6 39. Qg5 Qh7 40. Qxh4 Qf5 41. Qg5 Qc8 42. Rbe2 Rh8 43. Qg7 Rd8 44. Bg5 1-0

[Event "Titled Tuesday intern op 15st Dec"]
[Site "Chess.com INT"]
[Date "2020.12.15"]
[Round "11"]
[White "Zhigalko, Sergei"]
[Black "Gabrielian, Artur"]
[Result "1-0"]
[WhiteElo "2572"]
[BlackElo "2458"]
[PlyCount "53"]
[EventDate "2020.12.15"]
[EventType "swiss (blitz)"]
[EventRounds "11"]
[EventCountry "USA"]
[SourceTitle "CBM 199 Extra"]
[Source "ChessBase"]
[SourceDate "2021.01.31"]
[SourceVersion "1"]
[SourceVersionDate "2021.01.31"]
[SourceQuality "1"]

1. e4 c5 2. c3 Nf6 3. e5 Nd5 4. Nf3 Nc6 5. Bc4 Nb6 6. Bb3 c4 7. Bc2 d5 8. exd6 Qxd6 9. O-O Bg4 10. Re1 O-O-O 11. b3 e5 12. Na3 cxb3 13. axb3 Kb8 14. Nc4 Nxc4 15. bxc4 Be7 16. Be4 f6 17. Qb3 Qc7 18. d4 Bc8 19. Be3 Na5 20. Qa2 b6 21. c5 f5 22. Reb1 fxe4 23. Qxa5 Bxc5 24. Nxe5 Bd6 25. d5 Bxe5 26. Bxb6 Qxb6 27. Qxa7# 1-0

[Event "Titled Tuesday intern op 22nd Dec"]
[Site "Chess.com INT"]
[Date "2020.12.22"]
[Round "1"]
[White "Martinez Reyes, Pedro Ramon"]
[Black "Zhigalko, Sergei"]
[Result "0-1"]
[WhiteElo "2427"]
[BlackElo "2572"]
[PlyCount "56"]
[EventDate "2020.12.22"]
[EventType "swiss (blitz)"]
[EventRounds "11"]
[EventCountry "USA"]
[SourceTitle "CBM 199 Extra"]
[Source "ChessBase"]
[SourceDate "2021.01.31"]
[SourceVersion "1"]
[SourceVersionDate "2021.01.31"]
[SourceQuality "1"]

1. d4 Nf6 2. c4 e6 3. Nc3 Bb4 4. Qd3 O-O 5. Bg5 h6 6. Bh4 d5 7. cxd5 exd5 8. Nf3 g5 9. Bg3 Ne4 10. e3 Bf5 11. Qb5 Nc6 12. Rc1 Qe7 13. Be2 Bxc3+ 14. bxc3 Qa3 15. O-O Nxc3 16. Rxc3 Qxc3 17. Qxb7 Nb4 18. a3 Rfb8 19. Qxc7 Qxc7 20. Bxc7 Rc8 21. Bd6 Bd3 22. Bxd3 Nxd3 23. Rd1 Rc2 24. Ne1 Nxf2 25. Nxc2 Nxd1 26. Nb4 Nc3 27. Kf2 Ne4+ 28. Kf3 Nxd6 0-1

[Event "Titled Tuesday intern op 22nd Dec"]
[Site "Chess.com INT"]
[Date "2020.12.22"]
[Round "2"]
[White "Zhigalko, Sergei"]
[Black "Taichman, Ori"]
[Result "1-0"]
[WhiteElo "2572"]
[BlackElo "2284"]
[PlyCount "133"]
[EventDate "2020.12.22"]
[EventType "swiss (blitz)"]
[EventRounds "11"]
[EventCountry "USA"]
[SourceTitle "CBM 199 Extra"]
[Source "ChessBase"]
[SourceDate "2021.01.31"]
[SourceVersion "1"]
[SourceVersionDate "2021.01.31"]
[SourceQuality "1"]

1. e4 c5 2. Nf3 Nc6 3. c3 d6 4. d4 Nf6 5. d5 Ne5 6. Nxe5 dxe5 7. Bg5 e6 8. Bc4 exd5 9. Bxd5 Be7 10. Bxf6 Bxf6 11. O-O Qc7 12. Qb3 O-O 13. a4 Bg4 14. Na3 a6 15. Qxb7 Qxb7 16. Bxb7 Ra7 17. Bd5 Rb8 18. f3 Bd7 19. Nc4 Kf8 20. Rfd1 Ke7 21. Kf2 h5 22. Ke2 h4 23. Kd3 Rh8 24. Kc2 Rh6 25. Rd2 Bg5 26. Re2 Bf4 27. h3 Rc7 28. b3 Rg6 29. Rd1 Rg5 30. Nb6 Be6 31. Bxe6 fxe6 32. Nc4 Rc6 33. Rd3 Rg6 34. Kd1 Bg3 35. Red2 Bf4 36. Rc2 Rf6 37. Ke1 Rf8 38. Na5 Rc7 39. Ke2 Rd8 40. Rxd8 Kxd8 41. Rb2 Ke7 42. Rb1 g5 43. Nc4 Rd7 44. Rd1 Rb7 45. Na5 Rc7 46. Kd3 Rd7+ 47. Kc2 Rc7 48. Nc4 Rc6 49. Rd3 Rc7 50. Rd6 Ra7 51. Rc6 Rd7 52. Rxa6 Kf6 53. Rc6 g4 54. fxg4 Kg5 55. Rxc5 Bg3 56. Nxe5 Bxe5 57. Rxe5+ Kf4 58. Rxe6 Ke3 59. b4 Rd2+ 60. Kb3 Rxg2 61. a5 Rg1 62. a6 Ra1 63. Kc4 Kf3 64. g5 Kg3 65. g6 Kxh3 66. g7 Rg1 67. a7 1-0

[Event "Titled Tuesday intern op 22nd Dec"]
[Site "Chess.com INT"]
[Date "2020.12.22"]
[Round "3"]
[White "Rustemov, Alexander"]
[Black "Zhigalko, Sergei"]
[Result "1/2-1/2"]
[WhiteElo "2525"]
[BlackElo "2572"]
[PlyCount "94"]
[EventDate "2020.12.22"]
[EventType "swiss (blitz)"]
[EventRounds "11"]
[EventCountry "USA"]
[SourceTitle "CBM 199 Extra"]
[Source "ChessBase"]
[SourceDate "2021.01.31"]
[SourceVersion "1"]
[SourceVersionDate "2021.01.31"]
[SourceQuality "1"]

1. d4 Nf6 2. Bg5 e6 3. e3 h6 4. Bh4 Be7 5. Nd2 b6 6. Bd3 Bb7 7. Ngf3 O-O 8. Qe2 d6 9. c3 Nbd7 10. O-O c5 11. h3 Nh5 12. Bxe7 Qxe7 13. a4 a6 14. Rfe1 Rfd8 15. Be4 Bxe4 16. Nxe4 Nhf6 17. Nxf6+ Nxf6 18. Rad1 Qe8 19. Qc2 Qc6 20. e4 cxd4 21. Nxd4 Qb7 22. Nf3 Rac8 23. Rd4 e5 24. Rdd1 b5 25. axb5 axb5 26. Qd3 b4 27. Nd2 bxc3 28. bxc3 Qc6 29. c4 Nd7 30. Nf1 Nc5 31. Qd5 Kf8 32. Qxc6 Rxc6 33. f3 Nb3 34. Ne3 Nd4 35. Rd2 Ra8 36. Red1 g6 37. Nc2 Nxc2 38. Rxc2 Rac8 39. Rdc1 Ke7 40. Kf2 Ra8 41. g4 Ra3 42. Rc3 Ra2+ 43. R1c2 Rca6 44. h4 Ke6 45. c5 dxc5 46. Rxc5 Rxc2+ 47. Rxc2 Ke7 1/2-1/2

[Event "Titled Tuesday intern op 22nd Dec"]
[Site "Chess.com INT"]
[Date "2020.12.22"]
[Round "4"]
[White "Zhigalko, Sergei"]
[Black "Gritsenko, Nikolai"]
[Result "1-0"]
[WhiteElo "2572"]
[BlackElo "2309"]
[PlyCount "99"]
[EventDate "2020.12.22"]
[EventType "swiss (blitz)"]
[EventRounds "11"]
[EventCountry "USA"]
[SourceTitle "CBM 199 Extra"]
[Source "ChessBase"]
[SourceDate "2021.01.31"]
[SourceVersion "1"]
[SourceVersionDate "2021.01.31"]
[SourceQuality "1"]

1. e4 e5 2. Nf3 d6 3. d4 exd4 4. Qxd4 Nc6 5. Bb5 Nge7 6. Bg5 h6 7. Bh4 Bd7 8. Bxc6 Nxc6 9. Qc3 Qc8 10. Nbd2 Be6 11. O-O-O Rg8 12. Rhe1 g5 13. Bg3 Bg7 14. e5 g4 15. Nd4 Nxd4 16. Qxd4 d5 17. Bh4 c5 18. Qf4 Bf8 19. Nf1 b5 20. Ng3 Kd7 21. Ne4 Kc6 22. Nf6 Rg5 23. Bxg5 hxg5 24. Qxg5 d4 25. Qf4 Kb6 26. Kb1 Qa6 27. b3 Rd8 28. Nxg4 Qb7 29. f3 a5 30. Nf2 a4 31. Ne4 axb3 32. cxb3 Rd5 33. Nf6 Rd8 34. Ne4 Rd5 35. Nf6 Rd8 36. Rc1 d3 37. Ne4 c4 38. Qe3+ Ka6 39. Red1 Ba3 40. Nc5+ Bxc5 41. Qxc5 d2 42. Rc3 Rd5 43. Qa3+ Kb6 44. bxc4 bxc4 45. Rxc4 Rb5+ 46. Rb4 Kc6 47. Rxb5 Qxb5+ 48. Qb2 Bf5+ 49. Ka1 Qd3 50. Qxd2 1-0

[Event "Titled Tuesday intern op 22nd Dec"]
[Site "Chess.com INT"]
[Date "2020.12.22"]
[Round "5"]
[White "Koelle, Tobias"]
[Black "Zhigalko, Sergei"]
[Result "0-1"]
[WhiteElo "2340"]
[BlackElo "2572"]
[PlyCount "106"]
[EventDate "2020.12.22"]
[EventType "swiss (blitz)"]
[EventRounds "11"]
[EventCountry "USA"]
[SourceTitle "CBM 199 Extra"]
[Source "ChessBase"]
[SourceDate "2021.01.31"]
[SourceVersion "1"]
[SourceVersionDate "2021.01.31"]
[SourceQuality "1"]

1. d4 Nf6 2. c4 e6 3. Nc3 Bb4 4. Qc2 O-O 5. Nf3 d6 6. a3 Bxc3+ 7. Qxc3 Nbd7 8. e3 b6 9. Be2 Bb7 10. O-O Ne4 11. Qc2 f5 12. b4 Rf6 13. Bb2 Rg6 14. d5 c5 15. Kh1 Qe7 16. Rad1 Rf8 17. bxc5 bxc5 18. Qa4 a6 19. Qb3 Ba8 20. Qa4 Bb7 21. Qb3 Ndf6 22. Nh4 Rh6 23. g3 Ng4 24. Bxg4 fxg4 25. Qc2 exd5 26. cxd5 Rh5 27. Qb3 Nxf2+ 28. Kg1 Nh3+ 29. Kh1 Rxh4 30. Rxf8+ Qxf8 31. e4 Rh5 32. Bc1 Nf2+ 33. Kg1 Nxd1 34. Qxd1 Bc8 35. Bf4 g5 36. Be3 Rh6 37. e5 dxe5 38. Qd3 Bf5 39. Qc4 Rf6 40. Bxc5 Qf7 41. Be3 Bd7 42. Bxg5 Rf5 43. Be3 Kg7 44. Qxg4+ Kh8 45. Qc4 h5 46. Qe2 Bb5 47. Qc2 Rf1+ 48. Kg2 Qf3+ 49. Kh3 Qg4+ 50. Kg2 Rf8 51. h3 Qf3+ 52. Kh2 Qxe3 53. Qd2 Rf2+ 0-1

[Event "Titled Tuesday intern op 22nd Dec"]
[Site "Chess.com INT"]
[Date "2020.12.22"]
[Round "6"]
[White "Zhigalko, Sergei"]
[Black "Ozen, Bahadir"]
[Result "1-0"]
[WhiteElo "2572"]
[BlackElo "2369"]
[PlyCount "45"]
[EventDate "2020.12.22"]
[EventType "swiss (blitz)"]
[EventRounds "11"]
[EventCountry "USA"]
[SourceTitle "CBM 199 Extra"]
[Source "ChessBase"]
[SourceDate "2021.01.31"]
[SourceVersion "1"]
[SourceVersionDate "2021.01.31"]
[SourceQuality "1"]

1. e4 e5 2. Nf3 Nc6 3. Bc4 Bc5 4. b4 Bxb4 5. c3 Be7 6. d4 Na5 7. Bd3 d6 8. dxe5 dxe5 9. Nxe5 Nf6 10. O-O O-O 11. Qc2 Qd6 12. Nf3 Rd8 13. Rd1 Nxe4 14. Ba3 c5 15. Qa4 Qxd3 16. Rxd3 Rxd3 17. Nbd2 Nxd2 18. Qe8+ Bf8 19. Bxc5 Nxf3+ 20. gxf3 h6 21. Bxf8 Nc6 22. Ba3+ Kh7 23. Qe4+ 1-0

[Event "Titled Tuesday intern op 22nd Dec"]
[Site "Chess.com INT"]
[Date "2020.12.22"]
[Round "7"]
[White "Laurusas, Tomas"]
[Black "Zhigalko, Sergei"]
[Result "1-0"]
[WhiteElo "2505"]
[BlackElo "2572"]
[PlyCount "73"]
[EventDate "2020.12.22"]
[EventType "swiss (blitz)"]
[EventRounds "11"]
[EventCountry "USA"]
[SourceTitle "CBM 199 Extra"]
[Source "ChessBase"]
[SourceDate "2021.01.31"]
[SourceVersion "1"]
[SourceVersionDate "2021.01.31"]
[SourceQuality "1"]

1. d4 Nf6 2. c4 e6 3. Nf3 b6 4. a3 Ba6 5. Nbd2 Bb7 6. b4 a5 7. b5 d5 8. e3 Bd6 9. Be2 Nbd7 10. O-O O-O 11. Bb2 c5 12. bxc6 Bxc6 13. cxd5 Nxd5 14. Rc1 Bb7 15. Bb5 Rc8 16. Qa4 Nb8 17. Nc4 Nf6 18. Nfe5 Bc7 19. Rfd1 Nd5 20. h3 Qg5 21. Nf3 Qg6 22. Ncd2 Bd6 23. Bf1 Nf6 24. Qb3 Nbd7 25. Bd3 Qh5 26. e4 Bf4 27. a4 Rfd8 28. Ba3 h6 29. Be7 Rxc1 30. Rxc1 Rb8 31. Qa3 Nf8 32. Bd6 Bxd2 33. Nxd2 Rc8 34. Rxc8 Bxc8 35. Bxf8 Qd1+ 36. Nf1 Ba6 37. Bxa6 1-0

[Event "Titled Tuesday intern op 22nd Dec"]
[Site "Chess.com INT"]
[Date "2020.12.22"]
[Round "8"]
[White "Zhigalko, Sergei"]
[Black "Mammadov, Zaur Fazahir Oglu"]
[Result "1-0"]
[WhiteElo "2572"]
[BlackElo "2417"]
[PlyCount "75"]
[EventDate "2020.12.22"]
[EventType "swiss (blitz)"]
[EventRounds "11"]
[EventCountry "USA"]
[SourceTitle "CBM 199 Extra"]
[Source "ChessBase"]
[SourceDate "2021.01.31"]
[SourceVersion "1"]
[SourceVersionDate "2021.01.31"]
[SourceQuality "1"]

1. e4 e6 2. d4 d5 3. e5 c5 4. c3 Nc6 5. Nf3 Qb6 6. a3 Bd7 7. b4 cxd4 8. cxd4 Rc8 9. Bb2 Na5 10. Nbd2 Nc4 11. Nxc4 dxc4 12. Rc1 Bb5 13. d5 exd5 14. Qxd5 Ne7 15. Qe4 Bc6 16. Qf4 Ng6 17. Qxc4 Be7 18. e6 O-O 19. exf7+ Rxf7 20. Be2 Bd7 21. Qd4 Qxd4 22. Rxc8+ Bxc8 23. Nxd4 Nf4 24. Bc4 Nxg2+ 25. Kd2 Nf4 26. Re1 Kf8 27. Bxf7 Kxf7 28. Nf3 Bf6 29. Bxf6 gxf6 30. Rc1 Bg4 31. Rc7+ Kg6 32. Nd4 Nh3 33. f3 Bf5 34. Rxb7 h5 35. Rxa7 Ng5 36. b5 Ne6 37. Nxe6 Bxe6 38. b6 1-0

[Event "Titled Tuesday intern op 22nd Dec"]
[Site "Chess.com INT"]
[Date "2020.12.22"]
[Round "9"]
[White "Suleymanli, Aydin Elshan"]
[Black "Zhigalko, Sergei"]
[Result "1-0"]
[WhiteElo "2512"]
[BlackElo "2572"]
[PlyCount "79"]
[EventDate "2020.12.22"]
[EventType "swiss (blitz)"]
[EventRounds "11"]
[EventCountry "USA"]
[SourceTitle "CBM 199 Extra"]
[Source "ChessBase"]
[SourceDate "2021.01.31"]
[SourceVersion "1"]
[SourceVersionDate "2021.01.31"]
[SourceQuality "1"]

1. d4 Nf6 2. c4 e6 3. Nc3 Bb4 4. e3 O-O 5. Nge2 d5 6. a3 Be7 7. cxd5 exd5 8. Nf4 c6 9. b4 Re8 10. Bd3 Bd6 11. O-O Ne4 12. Nce2 Bc7 13. f3 Nd6 14. Qc2 g6 15. g4 b5 16. a4 Nc4 17. e4 Na6 18. Rb1 dxe4 19. Bxe4 Rb8 20. Bxc6 Ne3 21. Bxe3 Rxe3 22. Nd5 Qd6 23. Ng3 Re6 24. axb5 Bb6 25. Ne4 Rxe4 26. fxe4 Nc7 27. Nf6+ Kh8 28. Rbd1 Be6 29. Kh1 Qxb4 30. d5 Bc8 31. e5 Qc5 32. Qxc5 Bxc5 33. d6 Ne6 34. d7 Bb7 35. Ne4 Be7 36. Rxf7 Bh4 37. Bxb7 Rxb7 38. d8=Q+ Nxd8 39. Rxd8+ Bxd8 40. Rxb7 1-0

[Event "Titled Tuesday intern op 22nd Dec"]
[Site "Chess.com INT"]
[Date "2020.12.22"]
[Round "10"]
[White "Zhigalko, Sergei"]
[Black "Kazakouski, Valery"]
[Result "1/2-1/2"]
[WhiteElo "2572"]
[BlackElo "2476"]
[PlyCount "61"]
[EventDate "2020.12.22"]
[EventType "swiss (blitz)"]
[EventRounds "11"]
[EventCountry "USA"]
[SourceTitle "CBM 199 Extra"]
[Source "ChessBase"]
[SourceDate "2021.01.31"]
[SourceVersion "1"]
[SourceVersionDate "2021.01.31"]
[SourceQuality "1"]

1. e4 c5 2. Nf3 a6 3. c3 d5 4. exd5 Qxd5 5. d4 Bg4 6. Nbd2 cxd4 7. cxd4 Nf6 8. Bc4 Bxf3 9. Qb3 Bxg2 10. Bxd5 Bxd5 11. Qc3 Nc6 12. O-O e6 13. Nc4 Bb4 14. Qd3 Rd8 15. Be3 O-O 16. a3 Be7 17. Rac1 Be4 18. Qd1 Rd5 19. Re1 Rfd8 20. Nd2 Bg6 21. Qf3 h6 22. h3 Rf5 23. Qg2 Nd5 24. Nc4 Bg5 25. Kh2 Bf4+ 26. Kh1 Rg5 27. Qf3 Bh5 28. Qe4 Bg6 29. Qf3 Bh5 30. Qe4 Bg6 31. Qf3 1/2-1/2

[Event "Titled Tuesday intern op 22nd Dec"]
[Site "Chess.com INT"]
[Date "2020.12.22"]
[Round "11"]
[White "Riehle, Marco"]
[Black "Zhigalko, Sergei"]
[Result "1-0"]
[WhiteElo "2347"]
[BlackElo "2572"]
[PlyCount "83"]
[EventDate "2020.12.22"]
[EventType "swiss (blitz)"]
[EventRounds "11"]
[EventCountry "USA"]
[SourceTitle "CBM 199 Extra"]
[Source "ChessBase"]
[SourceDate "2021.01.31"]
[SourceVersion "1"]
[SourceVersionDate "2021.01.31"]
[SourceQuality "1"]

1. e4 c5 2. a3 e6 3. b4 d5 4. exd5 exd5 5. Nf3 Nf6 6. Bb5+ Bd7 7. Bxd7+ Nbxd7 8. O-O Be7 9. bxc5 Nxc5 10. Bb2 O-O 11. Re1 Rc8 12. Bd4 Ne6 13. Be5 Ng4 14. Bg3 Qa5 15. h3 Nf6 16. Nc3 Rfd8 17. Ne5 h6 18. Qe2 Nd4 19. Qd3 Bc5 20. Bh4 g5 21. Bg3 Qa6 22. Qxa6 bxa6 23. Ra2 Bb6 24. Rb2 Nf5 25. Bh2 Ne4 26. Nxe4 dxe4 27. d3 e3 28. fxe3 Bxe3+ 29. Kh1 Bd4 30. Rb7 Re8 31. c4 Re6 32. Rf1 Ne3 33. Rf3 Bxe5 34. Rxe3 Rce8 35. Rxe5 Rxe5 36. Bxe5 Rxe5 37. d4 Ra5 38. d5 Kg7 39. d6 Kf6 40. Rc7 Rxa3 41. c5 Rd3 42. d7 1-0

[Event "Titled Tuesday intern op 12th Jan"]
[Site "Chess.com INT"]
[Date "2021.01.12"]
[Round "1"]
[White "Zhigalko, Sergei"]
[Black "Garcia Blanco, Omar"]
[Result "1-0"]
[WhiteElo "2572"]
[BlackElo "2324"]
[PlyCount "63"]
[EventDate "2021.01.12"]
[EventType "swiss (blitz)"]
[EventRounds "11"]
[EventCountry "USA"]
[SourceTitle "CBM 200 Extra"]
[Source "ChessBase"]
[SourceDate "2021.03.31"]
[SourceVersion "1"]
[SourceVersionDate "2021.03.31"]
[SourceQuality "1"]

1. e4 c5 2. Nf3 e6 3. c3 Nf6 4. e5 Nd5 5. Bc4 d6 6. d4 cxd4 7. cxd4 Nb6 8. Bd3 Be7 9. Nc3 Nc6 10. O-O O-O 11. Qe2 dxe5 12. dxe5 Nd7 13. Rd1 Qc7 14. Bf4 Nc5 15. Bc2 a6 16. Rac1 b5 17. a3 b4 18. Ne4 bxa3 19. Nxc5 axb2 20. Rb1 Bxc5 21. Bxh7+ Kh8 22. Be4 f5 23. exf6 Qxf4 24. fxg7+ Kxg7 25. Bxc6 Ra7 26. Qxb2+ Qf6 27. Qc2 Be7 28. Be4 Rd7 29. Rxd7 Bxd7 30. Qc7 Bb5 31. Qg3+ Kh8 32. Qh3+ 1-0

[Event "Titled Tuesday intern op 12th Jan"]
[Site "Chess.com INT"]
[Date "2021.01.12"]
[Round "2"]
[White "Suvorov, Alexander David"]
[Black "Zhigalko, Sergei"]
[Result "0-1"]
[WhiteElo "2353"]
[BlackElo "2572"]
[PlyCount "108"]
[EventDate "2021.01.12"]
[EventType "swiss (blitz)"]
[EventRounds "11"]
[EventCountry "USA"]
[SourceTitle "CBM 200 Extra"]
[Source "ChessBase"]
[SourceDate "2021.03.31"]
[SourceVersion "1"]
[SourceVersionDate "2021.03.31"]
[SourceQuality "1"]

1. d4 Nf6 2. c4 e6 3. Nc3 Bb4 4. e3 O-O 5. Bd2 b6 6. Nf3 Bb7 7. Bd3 d5 8. cxd5 exd5 9. Rc1 a6 10. Ne5 Bd6 11. O-O c5 12. f4 Nc6 13. Ne2 Ne4 14. Be1 Qe7 15. Bxe4 dxe4 16. Bc3 Nb4 17. Bxb4 cxb4 18. Ng3 Qe6 19. b3 Rac8 20. Qe2 Rc3 21. f5 Qh6 22. Rxc3 bxc3 23. f6 g6 24. Rc1 Rc8 25. Nc4 Bc7 26. Ne5 Bxe5 27. dxe5 Qg5 28. e6 Qxf6 29. exf7+ Qxf7 30. Qe1 c2 31. Qd2 Qc7 32. Ne2 Qf7 33. Rxc2 Rf8 34. Qe1 a5 35. Nd4 Ba6 36. Rf2 Qe7 37. Rxf8+ Qxf8 38. h3 Bd3 39. Qg3 Qc5 40. Qb8+ Kf7 41. Qf4+ Kg8 42. Ne6 Qe7 43. Nd4 Kg7 44. Kh2 h6 45. Qg3 Kh7 46. h4 Qf7 47. Qg4 Qe7 48. Qf4 Qg7 49. Ne6 Qe7 50. Nf8+ Kg7 51. h5 gxh5 52. Qc7 Kxf8 53. Qb8+ Kf7 54. Qf4+ Qf6 0-1

[Event "Titled Tuesday intern op 12th Jan"]
[Site "Chess.com INT"]
[Date "2021.01.12"]
[Round "3"]
[White "Zhigalko, Sergei"]
[Black "Kadric, Denis"]
[Result "1-0"]
[WhiteElo "2572"]
[BlackElo "2577"]
[PlyCount "71"]
[EventDate "2021.01.12"]
[EventType "swiss (blitz)"]
[EventRounds "11"]
[EventCountry "USA"]
[SourceTitle "CBM 200 Extra"]
[Source "ChessBase"]
[SourceDate "2021.03.31"]
[SourceVersion "1"]
[SourceVersionDate "2021.03.31"]
[SourceQuality "1"]

1. e4 d6 2. d4 Nf6 3. Nc3 e5 4. Nf3 Nbd7 5. Bc4 Be7 6. a4 c6 7. O-O O-O 8. Re1 h6 9. h3 Re8 10. Ba2 a5 11. Be3 exd4 12. Bxd4 Nf8 13. Qd2 Be6 14. Rad1 N6d7 15. Be3 Bxa2 16. Nxa2 Ne6 17. Nd4 Nxd4 18. Qxd4 Bf8 19. Nc3 Qh4 20. f3 Re6 21. Bf2 Qg5 22. Be3 Qh4 23. Bf2 Qg5 24. Qd2 Qxd2 25. Rxd2 Rae8 26. Red1 g6 27. Ne2 Ne5 28. b3 h5 29. Bh4 d5 30. exd5 Nxf3+ 31. gxf3 Rxe2 32. Rxe2 Rxe2 33. d6 Rxc2 34. d7 Bc5+ 35. Kh1 Bb6 36. Bf6 1-0

[Event "Titled Tuesday intern op 12th Jan"]
[Site "Chess.com INT"]
[Date "2021.01.12"]
[Round "4"]
[White "Yanchenko, Roman"]
[Black "Zhigalko, Sergei"]
[Result "0-1"]
[WhiteElo "2467"]
[BlackElo "2572"]
[PlyCount "56"]
[EventDate "2021.01.12"]
[EventType "swiss (blitz)"]
[EventRounds "11"]
[EventCountry "USA"]
[SourceTitle "CBM 200 Extra"]
[Source "ChessBase"]
[SourceDate "2021.03.31"]
[SourceVersion "1"]
[SourceVersionDate "2021.03.31"]
[SourceQuality "1"]

1. d4 Nf6 2. c4 e6 3. Nc3 Bb4 4. Qc2 O-O 5. Nf3 d5 6. Bg5 h6 7. Bh4 c5 8. e3 cxd4 9. exd4 Nc6 10. Rd1 Be7 11. cxd5 Nxd5 12. Bxe7 Ncxe7 13. Bc4 b6 14. O-O Bb7 15. Nxd5 Nxd5 16. Qe4 Rc8 17. Bd3 g6 18. Ne5 Qe7 19. Nxg6 fxg6 20. Qxg6+ Qg7 21. Qxe6+ Kh8 22. Qe5 Qxe5 23. dxe5 Nf4 24. Rfe1 Nxg2 25. Be4 Nxe1 26. Bxb7 Rc7 27. Be4 Nf3+ 28. Kg2 Nxe5 0-1

[Event "Titled Tuesday intern op 12th Jan"]
[Site "Chess.com INT"]
[Date "2021.01.12"]
[Round "5"]
[White "Zhigalko, Sergei"]
[Black "Moroni, Luca Jr"]
[Result "1-0"]
[WhiteElo "2572"]
[BlackElo "2560"]
[PlyCount "135"]
[EventDate "2021.01.12"]
[EventType "swiss (blitz)"]
[EventRounds "11"]
[EventCountry "USA"]
[SourceTitle "CBM 200 Extra"]
[Source "ChessBase"]
[SourceDate "2021.03.31"]
[SourceVersion "1"]
[SourceVersionDate "2021.03.31"]
[SourceQuality "1"]

1. e4 e5 2. Nf3 Nc6 3. Bb5 a6 4. Ba4 Nge7 5. O-O g6 6. c3 Bg7 7. d4 exd4 8. cxd4 O-O 9. Nc3 d6 10. h3 b5 11. Bc2 Bb7 12. Re1 Qd7 13. Bf4 Rad8 14. Qd2 Rfe8 15. Rad1 Qc8 16. Bh6 Bh8 17. Bg5 Na5 18. Qf4 Nc4 19. Bb3 Qe6 20. Qh4 Rc8 21. d5 Qd7 22. Bxc4 bxc4 23. Bf6 Bg7 24. Nd2 Rb8 25. Nxc4 Nc8 26. Ne3 Bxf6 27. Qxf6 Qe7 28. Qf4 Kg7 29. Qg3 Kh8 30. f4 Nb6 31. Qf2 Nd7 32. b3 Kg8 33. Nc4 Qf6 34. Qg3 Qg7 35. e5 Nc5 36. exd6 cxd6 37. Rxe8+ Rxe8 38. Nxd6 Rd8 39. Nxb7 Nxb7 40. Ne4 Nd6 41. Qg5 Qf8 42. Nf6+ Kh8 43. Qe5 Qg7 44. Rc1 Ne8 45. Nxe8 Qxe5 46. fxe5 Rxe8 47. d6 Kg7 48. d7 Rd8 49. Rd1 Kf8 50. Kf2 Ke7 51. Kf3 Rxd7 52. Rxd7+ Kxd7 53. Ke4 Kc6 54. Kd4 Kb5 55. a3 Kc6 56. b4 Kb5 57. Kc3 Ka4 58. Kb2 h5 59. h4 Kb5 60. Kb3 Kc6 61. Kc4 Kb6 62. a4 Kc6 63. a5 Kc7 64. b5 axb5+ 65. Kxb5 Kb7 66. g3 Kc7 67. Kc5 Kd7 68. a6 1-0

[Event "Titled Tuesday intern op 12th Jan"]
[Site "Chess.com INT"]
[Date "2021.01.12"]
[Round "6"]
[White "Zhigalko, Sergei"]
[Black "Jobava, Baadur"]
[Result "1-0"]
[WhiteElo "2572"]
[BlackElo "2603"]
[PlyCount "27"]
[EventDate "2021.01.12"]
[EventType "swiss (blitz)"]
[EventRounds "11"]
[EventCountry "USA"]
[SourceTitle "CBM 200 Extra"]
[Source "ChessBase"]
[SourceDate "2021.03.31"]
[SourceVersion "1"]
[SourceVersionDate "2021.03.31"]
[SourceQuality "1"]

1. e4 e5 2. Nf3 Nf6 3. d4 Nxe4 4. Bd3 d5 5. Nxe5 Be7 6. O-O O-O 7. c4 c6 8. Nc3 Nxc3 9. bxc3 Nd7 10. Bf4 Nf6 11. Rb1 dxc4 12. Bxc4 Nd5 13. Qf3 b6 14. Nxc6 1-0